000 00367nam a22001457a 4500
005 20251007131856.0
008 250929b |||||||| |||| 00| 0 eng d
020 _a978-93-48189-66-0
041 _aHINDI
100 _aPANDEY, DR RAMESH CHANDRA
_98709
245 _aYOGIYON KI SADHNA
260 _aUTTAR PRADESH
_bAKSHAR PLANT
_c2024
300 _a160;P
942 _cBK
999 _c8861
_d8859